La figlia del papa

সংরক্ষণ করুন:
গ্রন্থ-পঞ্জীর বিবরন
প্রধান লেখক: Fo, Dario
বিন্যাস: গ্রন্থ
ভাষা:ইংরেজি
প্রকাশিত: Milano Chiarelettere 2014
ট্যাগগুলো: ট্যাগ যুক্ত করুন
কোনো ট্যাগ নেই, প্রথমজন হিসাবে ট্যাগ করুন!

MARC

LEADER 00000nam a2200000 4500
005 20231119190509.0
008 231119b |||||||| |||| 00| 0 eng d
020 |a 9788861905719 
040 |c C 
082 |a 853.914 
100 |a Fo, Dario 
245 |a La figlia del papa 
260 |a Milano  |b Chiarelettere  |c 2014 
942 |2 ddc  |c BK  |n 0 
952 |0 0  |1 0  |2 ddc  |4 0  |6 853_914000000000000_FO_LAF  |7 1  |9 272  |a GE  |b GE  |d 2015-11-25  |l 0  |o 853.914 FO LAF  |p 2601  |r 2023-11-19 19:05:54  |w 2023-11-19  |y BK 
999 |c 200  |d 200